| 000 | 00380pab a2200157 454500 | ||
|---|---|---|---|
| 008 | 180718b1997 xxu||||| |||| 00| 0 eng d | ||
| 100 | _aGupta, Shekhar | ||
| 245 | _aOmissions of the Jain Commission: merchandising a murder | ||
| 260 | _c1997 | ||
| 300 | _ap.8 | ||
| 362 | _a10 Nov | ||
| 650 | _aCorruption | ||
| 650 | _aViolence | ||
| 773 | _aIndian Express | ||
| 909 | _a36495 | ||
| 999 |
_c36495 _d36495 |
||